Համապատում : (Record no. 9309)
[ view plain ]
| 000 -LEADER | |
|---|---|
| fixed length control field | 00775nam a2200181 a 4500 |
| 001 - CONTROL NUMBER | |
| control field | 000023480 |
| 003 - CONTROL NUMBER IDENTIFIER | |
| control field | AM-YEHGA |
| 005 - DATE AND TIME OF LATEST TRANSACTION | |
| control field | 20250827160058.0 |
| 008 - FIXED-LENGTH DATA ELEMENTS--GENERAL INFORMATION | |
| fixed length control field | 001122s1911 tu a|||||||||| |0|arm|d |
| 040 ## - CATALOGING SOURCE | |
| Original cataloging agency | AM-YEHGA |
| 041 0# - LANGUAGE CODE | |
| Language code of text/sound track or separate title | arm |
| 100 1# - MAIN ENTRY--PERSONAL NAME | |
| Personal name | Օրմանյան, Մաղաքիա |
| Titles and words associated with a name | արքեպիսկոպոս, |
| Dates associated with a name | 1841-1918 |
| 9 (RLIN) | 1548 |
| 245 10 - TITLE STATEMENT | |
| Title | Համապատում : |
| Remainder of title | Չորս Աւետարաններուն պարունակութիւնը շարայարելով եւ համաձայնելով եւ բացատրելով պատմուած / |
| Statement of responsibility, etc. | Մաղաքիա Արքեպիսկոպոս Օրմանեան. |
| 260 ## - PUBLICATION, DISTRIBUTION, ETC. | |
| Place of publication, distribution, etc. | Կոստանդնուպոլիս : |
| Name of publisher, distributor, etc. | Վ. և Հ. Տէր-Ներսէսյան , |
| Date of publication, distribution, etc. | 1911. |
| 300 ## - PHYSICAL DESCRIPTION | |
| Extent | 1104 էջ |
| 650 14 - SUBJECT ADDED ENTRY--TOPICAL TERM | |
| Topical term or geographic name entry element | Քրիստոնեություն |
| 942 ## - ADDED ENTRY ELEMENTS (KOHA) | |
| Source of classification or shelving scheme | Universal Decimal Classification |
| Koha item type | Գրքեր / Books |
| Withdrawn status | Lost status | Damaged status | Not for loan | Collection | Home library | Current library | Date acquired | Total checkouts | Full call number | Barcode | Date last seen | Price effective from | Koha item type | Public note | Source of classification or shelving scheme |
|---|---|---|---|---|---|---|---|---|---|---|---|---|---|---|---|
| General | Fundamental Scientific Library | Fundamental Scientific Library | 21/12/2016 | AII/5472 | FL0023034 | 21/12/2016 | 21/12/2016 | Գրքեր / Books | 30 Days Loan | ||||||
| Levonyan Individual Collection | Fundamental Scientific Library | Fundamental Scientific Library | 21/12/2016 | Лев/670 | FL0387068 | 21/12/2016 | 21/12/2016 | Գրքեր / Books | ILL Non-Circ. | Universal Decimal Classification | |||||
| Edgaryan Individual Collection | Fundamental Scientific Library | Fundamental Scientific Library | 03/11/2021 | Էդգ/2 | FL0654386 | 03/11/2021 | 03/11/2021 | Գրքեր / Books | ILL Non-Circ. | Universal Decimal Classification | |||||
| Zhamkochyan Individual collection | Fundamental Scientific Library | Fundamental Scientific Library | 21/05/2025 | Ժամ/522 | FL0690077 | 21/05/2025 | 21/05/2025 | Գրքեր / Books | ILL Non-Circ. |
ՀՀ Գիտությունների ազգային ակադեմիայի հիմնարար գիտական գրադարան = Fundamental Scientific Library of NAS RA
All site content, except where otherwise noted, is licensed under a